[Event "Mumbai Aurionpro GM op"]
[Site "Mumbai"]
[Date "2025.06.18"]
[Round "3"]
[White "Aamuktha, Guntaka"]
[Black "Panesar, Vedant"]
[Result "0-1"]
[WhiteElo "2068"]
[BlackElo "2456"]
[PlyCount "100"]
[EventDate "2025.06.16"]
[EventType "swiss"]
[EventRounds "9"]
[EventCountry "IND"]
[SourceTitle "CB26_2025"]
[SourceDate "2025.06.25"]
[SourceVersion "1"]
[SourceVersionDate "2025.06.25"]
[SourceQuality "1"]

1. e4 c5 2. c3 Nf6 3. e5 Nd5 4. d4 cxd4 5. Nf3 e6 6. cxd4 b6 7. Nc3 Nxc3 8. bxc3 Qc7 9. Bd2 Bb7 10. Bd3 Nc6 11. Qe2 Be7 12. 0-0 d6 13. exd6 Qxd6 14. Ng5 h6 15. Ne4 Qd5 16. f4 Rd8 17. Kh1 g6 18. Bc4 Qa5 19. Rab1 a6 20. Bd3 0-0 21. Qe1 Qxa2 22. Rxb6 Na5 23. Rb1 Ba8 24. Ra1 Qd5 25. Qe2 Rb8 26. Rab1 Nb3 27. Be3 a5 28. Nd2 Nxd2 29. Qxd2 a4 30. c4 Qd7 31. Qc2 Bf6 32. Rfd1 Rxb1 33. Qxb1 h5 34. Be4 Bxe4 35. Qxe4 a3 36. Qc2 Rb8 37. Bc1 Ra8 38. Qa2 Qa4 39. Rd3 Qb4 40. Rd2 Bxd4 41. h3 Be3 42. Rd1 Bxc1 43. Rxc1 Rd8 44. Qb1 Qd2 45. c5 a2 46. Qa1 Rb8 47. Rg1 Qc2 48. Qe5 Rb1 49. Kh2 Rxg1 50. Qb8+ Kh7 0-1

[Event "IND-ch U13 Girls 37th"]
[Site "Durgapur"]
[Date "2024.12.22"]
[Round "10"]
[White "Aamuktha, Guntaka"]
[Black "Ameya, AR."]
[Result "1-0"]
[WhiteElo "1874"]
[BlackElo "1779"]
[PlyCount "143"]
[EventDate "2024.12.17"]
[EventType "swiss"]
[EventRounds "11"]
[EventCountry "IND"]
[SourceTitle "CB04_2025"]
[SourceDate "2025.01.22"]
[SourceVersion "1"]
[SourceVersionDate "2025.01.22"]
[SourceQuality "1"]

1. e4 c5 2. Nf3 d6 3. d4 cxd4 4. Nxd4 Nf6 5. Nc3 g6 6. Be3 Bg7 7. f3 0-0 8. Qd2 Nc6 9. 0-0-0 d5 10. exd5 Nxd5 11. Nxc6 bxc6 12. Bd4 Bxd4 13. Qxd4 Qb6 14. Na4 Qa5 15. b3 Be6 16. Bc4 Rfd8 17. Qc5 Qc7 18. g3 Rab8 19. Rhe1 Rd6 20. f4 Rbd8 21. Bxd5 Rxd5 22. Rxd5 Rxd5 23. Qc3 Qd6 24. Nb2 Qa3 25. Qxc6 Ra5 26. Re4 Qxa2 27. Ra4 Rxa4 28. Qxa4 Qxa4 29. Nxa4 Kf8 30. Kd2 Ke8 31. c4 Bf5 32. Kc3 Kd7 33. b4 f6 34. Kd4 Bc2 35. Nc3 h6 36. Kc5 g5 37. Nd5 Bd3 38. Kd4 Be2 39. b5 gxf4 40. gxf4 h5 41. h4 Ke6 42. c5 Kd7 43. Nc3 Bf1 44. c6+ Kd6 45. Ne4+ Kc7 46. Kc5 Be2 47. Nc3 Bf3 48. Nd5+ Kd8 49. Nb4 Kc7 50. Na6+ Kc8 51. Nb4 Kc7 52. Na6+ Kc8 53. Nb4 Kc7 54. Nc2 e5 55. fxe5 fxe5 56. Ne3 Be2 57. Nd5+ Kc8 58. Kd6 Bg4 59. Kxe5 Be2 60. Kd6 Bg4 61. Nf6 Be2 62. Kc5 Kc7 63. Nd5+ Kc8 64. Kd6 Bg4 65. Nf6 Be2 66. c7 Kb7 67. Kd7 Bxb5+ 68. Kd8 a5 69. c8Q+ Kb6 70. Nd5+ Ka7 71. Qc7+ Ka8 72. Nb6# 1-0

[Event "IND-ch U15 Girls 40th"]
[Site "Hosur"]
[Date "2024.11.10"]
[Round "10"]
[White "Aamuktha, Guntaka"]
[Black "Ananya, Raman"]
[Result "0-1"]
[WhiteElo "1868"]
[BlackElo "1909"]
[PlyCount "102"]
[EventDate "2024.11.03"]
[EventType "swiss"]
[EventRounds "11"]
[EventCountry "IND"]
[SourceTitle "CB45_2024"]
[Source "ChessBase"]
[SourceDate "2024.11.06"]
[SourceVersion "1"]
[SourceVersionDate "2024.11.06"]
[SourceQuality "1"]

1. e4 c5 2. Nf3 d6 3. d4 cxd4 4. Nxd4 Nf6 5. Nc3 a6 6. f3 e5 7. Nb3 Be7 8. Be3 Be6 9. Qd2 h5 10. 0-0-0 Nbd7 11. Kb1 Rc8 12. Nd5 Nxd5 13. exd5 Bf5 14. Bd3 Bxd3 15. Qxd3 Bg5 16. Bf2 b5 17. g3 Kf8 18. h4 Bh6 19. Rhe1 Qc7 20. c3 g6 21. Be3 Bxe3 22. Qxe3 Kg7 23. f4 Rhe8 24. f5 Nf6 25. Rf1 Ng4 26. Qe4 Qc4 27. Qe1 Nf6 28. fxg6 fxg6 29. Qd2 Rf8 30. Na5 Qe4+ 31. Qd3 Qxd3+ 32. Rxd3 Rf7 33. Rdf3 Rcc7 34. Rd3 Rc5 35. Kc2 Nxd5 36. Rxf7+ Kxf7 37. a3 Ke6 38. b4 Rc7 39. Kb3 e4 40. Rd4 Ke5 41. Kb2 Nxc3 42. Nb3 Na4+ 43. Kb1 Rc3 44. Ka2 Rxb3 45. Rxe4+ Kxe4 46. g4 Rb2+ 47. Ka1 Kd3 48. g5 a5 49. bxa5 Kc2 50. a6 Rb1+ 51. Ka2 Nc3# 0-1

[Event "IND-ch U15 Girls 40th"]
[Site "Hosur"]
[Date "2024.11.09"]
[Round "9"]
[White "Yasaswi, Krishna Bommi"]
[Black "Aamuktha, Guntaka"]
[Result "1/2-1/2"]
[WhiteElo "1861"]
[BlackElo "1868"]
[PlyCount "63"]
[EventDate "2024.11.03"]
[EventType "swiss"]
[EventRounds "11"]
[EventCountry "IND"]
[SourceTitle "CB45_2024"]
[Source "ChessBase"]
[SourceDate "2024.11.06"]
[SourceVersion "1"]
[SourceVersionDate "2024.11.06"]
[SourceQuality "1"]

1. Nf3 d5 2. g3 Nd7 3. Bg2 e5 4. d3 Ngf6 5. 0-0 Bc5 6. Nc3 c6 7. e4 dxe4 8. Nxe4 Nxe4 9. dxe4 0-0 10. Qe2 Re8 11. c3 a5 12. h3 Qe7 13. Rd1 b6 14. Ne1 Ba6 15. Qc2 Nf6 16. Nd3 Bxd3 17. Rxd3 Rad8 18. Be3 Bxe3 19. Rxe3 Nd7 20. a3 Nc5 21. b4 Ne6 22. Rd1 Rxd1+ 23. Qxd1 axb4 24. axb4 Rd8 25. Rd3 Kf8 26. Rxd8+ Nxd8 27. Bf3 Ne6 28. h4 Qd8 29. Qxd8+ Nxd8 30. Kf1 Ke7 31. Ke2 Kd6 32. Kd3 1/2-1/2

[Event "IND-ch U15 Girls 40th"]
[Site "Hosur"]
[Date "2024.11.06"]
[Round "5"]
[White "Akshaya, Sathi"]
[Black "Aamuktha, Guntaka"]
[Result "1-0"]
[WhiteElo "1825"]
[BlackElo "1868"]
[PlyCount "43"]
[EventDate "2024.11.03"]
[EventType "swiss"]
[EventRounds "11"]
[EventCountry "IND"]
[SourceTitle "CB45_2024"]
[Source "ChessBase"]
[SourceDate "2024.11.06"]
[SourceVersion "1"]
[SourceVersionDate "2024.11.06"]
[SourceQuality "1"]

1. e4 c5 2. Nf3 d6 3. d4 cxd4 4. Nxd4 Nf6 5. Nc3 a6 6. h3 e5 7. Nf3 Be7 8. g4 h6 9. Rg1 Be6 10. g5 hxg5 11. Nxg5 Rg8 12. Nxe6 fxe6 13. Bg5 Qd7 14. Bc4 Rh8 15. Bxf6 Bxf6 16. Qg4 Kf7 17. 0-0-0 Nc6 18. Nd5 Qd8 19. Nf4 Re8 20. Bxe6+ Rxe6 21. Qxe6+ Kf8 22. Ng6# 1-0

[Event "IND-ch U17 Girls 34th"]
[Site "Chandigarh"]
[Date "2024.07.21"]
[Round "9"]
[White "Krishika, Garg"]
[Black "Aamuktha, Guntaka"]
[Result "1/2-1/2"]
[WhiteElo "1756"]
[BlackElo "1787"]
[PlyCount "114"]
[EventDate "2024.07.15"]
[EventType "swiss"]
[EventRounds "11"]
[EventCountry "IND"]
[SourceTitle "CBM 221 Extra"]
[Source "ChessBase"]
[SourceDate "2024.09.30"]
[SourceVersion "1"]
[SourceVersionDate "2024.09.30"]
[SourceQuality "1"]

1. d4 d5 2. Bf4 Nf6 3. e3 c5 4. Nf3 Nc6 5. Nbd2 e6 6. c3 Bd6 7. Bg3 0-0 8. Bb5 Ne7 9. Bd3 b6 10. e4 dxe4 11. Nxe4 Nxe4 12. Bxe4 Nd5 13. dxc5 bxc5 14. Bxd6 Qxd6 15. c4 Qf4 16. Nd2 Rb8 17. g3 Qe5 18. Qe2 f5 19. Bg2 Qxe2+ 20. Kxe2 Nc7 21. b3 Rd8 22. Rad1 Kf8 23. Nb1 Rxd1 24. Rxd1 Ke7 25. Nc3 Bd7 26. Ke3 a5 27. Rd3 Ne8 28. Nd1 h6 29. f4 Rb6 30. Nf2 Nf6 31. Rc3 Rb8 32. Nd3 Rc8 33. Ne5 Be8 34. Bf3 Rd8 35. Rd3 Rxd3+ 36. Kxd3 Kd6 37. Kc3 g5 38. a3 gxf4 39. gxf4 Bh5 40. Bxh5 Nxh5 41. Nd3 Nf6 42. b4 axb4+ 43. axb4 Ne4+ 44. Kb3 Nd2+ 45. Kc2 Nxc4 46. bxc5+ Kd5 47. Kc3 Na5 48. Kb4 Nc6+ 49. Kb5 Nd4+ 50. Kb4 Nc6+ 51. Kc3 Na5 52. h4 h5 53. Kb4 Nc6+ 54. Kc3 Ne7 55. Kb4 Nc6+ 56. Kc3 Ne7 57. Kb4 Nc6+ 1/2-1/2

[Event "IND-ch U13 Girls"]
[Site "Secunderabad"]
[Date "2023.12.10"]
[Round "11"]
[White "Arshiya, Das"]
[Black "Aamuktha, Guntaka"]
[Result "1-0"]
[WhiteElo "1729"]
[BlackElo "1532"]
[PlyCount "93"]
[EventDate "2023.12.04"]
[EventType "swiss"]
[EventRounds "11"]
[EventCountry "IND"]
[SourceTitle "EXT 2025"]
[Source "ChessBase"]
[SourceDate "2024.10.14"]
[SourceVersion "1"]
[SourceVersionDate "2024.10.14"]
[SourceQuality "1"]

1. Nf3 d5 2. g3 Nd7 3. Bg2 e5 4. d3 Ngf6 5. 0-0 Bc5 6. Nxe5 Bxf2+ 7. Rxf2 Nxe5 8. Rf1 h6 9. Kh1 0-0 10. d4 Ng6 11. Nc3 c6 12. Qe1 Qe7 13. h3 Bd7 14. Qf2 Kh7 15. Bd2 Rae8 16. Rae1 Qd6 17. Kh2 Ne4 18. Nxe4 dxe4 19. a3 c5 20. Be3 cxd4 21. Bxd4 b6 22. Bc3 a5 23. Rd1 Qc7 24. Qd4 Ne5 25. Qxe4+ Ng6 26. Qd4 Ne5 27. Qf4 f6 28. Be4+ Kg8 29. Bd5+ Kh7 30. Be4+ Kg8 31. Bg6 Re7 32. Rd5 Rc8 33. Bxe5 fxe5 34. Qd2 Be8 35. Bf5 Rb8 36. Rd1 Bc6 37. Rd8+ Re8 38. Rxb8 Qxb8 39. Qd6 Qb7 40. Qg6 Rf8 41. Qh7+ Kf7 42. Bg6+ Ke6 43. e4 Be8 44. Bxe8 Qa6 45. Qg6+ Rf6 46. Bd7+ Ke7 47. Qe8# 1-0

[Event "IND-ch U13 Girls"]
[Site "Secunderabad"]
[Date "2023.12.06"]
[Round "4"]
[White "Aamuktha, Guntaka"]
[Black "Taneesha, Drolia"]
[Result "1-0"]
[WhiteElo "1532"]
[BlackElo "1188"]
[PlyCount "85"]
[EventDate "2023.12.04"]
[EventType "swiss"]
[EventRounds "11"]
[EventCountry "IND"]
[SourceTitle "EXT 2025"]
[Source "ChessBase"]
[SourceDate "2024.10.14"]
[SourceVersion "1"]
[SourceVersionDate "2024.10.14"]
[SourceQuality "1"]

1. e4 e5 2. Nf3 Nf6 3. d4 Nxe4 4. Bd3 d5 5. Nxe5 Bd6 6. 0-0 0-0 7. c4 c6 8. Qc2 f5 9. Nc3 Be6 10. cxd5 cxd5 11. f3 Bxe5 12. dxe5 Qb6+ 13. Kh1 Nc5 14. Be3 d4 15. Bxd4 Nc6 16. Na4 Nxd4 17. Qxc5 Qxc5 18. Nxc5 Bd5 19. b3 Rac8 20. Rac1 Rfe8 21. f4 b6 22. Na4 Kf7 23. Nc3 Be6 24. Ne2 Nxe2 25. Bxe2 Red8 26. Rxc8 Rxc8 27. Bd3 Rc3 28. Rd1 g6 29. Kg1 h6 30. Kf2 g5 31. Ke3 Kg6 32. g4 b5 33. fxg5 hxg5 34. Rf1 Bd7 35. Kd4 b4 36. Bxf5+ Bxf5 37. gxf5+ Kf7 38. f6 Rc2 39. e6+ Kxe6 40. f7 Rxh2 41. f8Q Rh4+ 42. Kc5 a5 43. Qd6# 1-0

[Event "IND-ch U13 Girls"]
[Site "Secunderabad"]
[Date "2023.12.06"]
[Round "5"]
[White "Gorli, Nyna"]
[Black "Aamuktha, Guntaka"]
[Result "1-0"]
[WhiteElo "1652"]
[BlackElo "1532"]
[PlyCount "159"]
[EventDate "2023.12.04"]
[EventType "swiss"]
[EventRounds "11"]
[EventCountry "IND"]
[SourceTitle "EXT 2025"]
[Source "ChessBase"]
[SourceDate "2024.10.14"]
[SourceVersion "1"]
[SourceVersionDate "2024.10.14"]
[SourceQuality "1"]

1. e4 c5 2. c3 Nf6 3. e5 Nd5 4. Nf3 e6 5. Bc4 d6 6. exd6 Bxd6 7. 0-0 0-0 8. h3 Nc6 9. d4 cxd4 10. Nxd4 Nb6 11. Bb3 Nxd4 12. Qxd4 Qc7 13. Qg4 Kh8 14. Nd2 e5 15. Qe2 Bf5 16. Nf3 Rae8 17. Be3 Bc5 18. Rfe1 Bxe3 19. Qxe3 f6 20. Rad1 a5 21. Nh4 Be6 22. Bxe6 Rxe6 23. Nf5 Nc4 24. Qe2 Rb6 25. b3 Nd6 26. Ne3 Rc6 27. Nd5 Qb8 28. Ne7 Rc7 29. Rxd6 Rxe7 30. Red1 Qc7 31. Qd3 g6 32. c4 Kg7 33. Qd5 Rff7 34. Rd8 Rf8 35. Rd7 Rxd7 36. Qxd7+ Rf7 37. Qe8 Re7 38. Qa8 b6 39. Qd5 Rf7 40. Qb5 Re7 41. Rd5 e4 42. c5 Qf4 43. cxb6 e3 44. Qe2 Qe4 45. Rd1 Qf4 46. fxe3 Qb4 47. Qa6 Qc3 48. Qd3 Qc6 49. Qd8 Qe4 50. Qd4 Qc6 51. Rf1 Rb7 52. Rd1 Re7 53. Kh1 Rb7 54. a3 Kh6 55. Qd6 Qxb6 56. Qf8+ Kg5 57. Rd5+ f5 58. h4+ Kh5 59. Rd3 h6 60. Qh8 Qe6 61. Qc3 Qe7 62. Rd4 g5 63. hxg5 Qxg5 64. Qd3 Re7 65. Qe2+ Kg6 66. Rf4 Re6 67. Qf3 Qf6 68. g4 Qh4+ 69. Kg2 Qg5 70. Rxf5 Qe7 71. Kf2 Qh4+ 72. Kf1 Qe7 73. Kf2 Qh4+ 74. Kg2 Qe7 75. Rb5 Rxe3 76. Rb6+ Kg7 77. Rb7 Rxf3 78. Rxe7+ Rf7 79. Rxf7+ Kxf7 80. Kf3 1-0

[Event "IND-ch U11 Girls"]
[Site "Visakhapatnam"]
[Date "2023.10.02"]
[Round "3"]
[White "Aahna, Gulati"]
[Black "Aamuktha, Guntaka"]
[Result "1/2-1/2"]
[WhiteElo "1241"]
[BlackElo "1615"]
[PlyCount "97"]
[EventDate "2023.10.01"]
[EventType "swiss"]
[EventRounds "11"]
[EventCountry "IND"]
[SourceTitle "EXT 2025"]
[Source "ChessBase"]
[SourceDate "2024.10.14"]
[SourceVersion "1"]
[SourceVersionDate "2024.10.14"]
[SourceQuality "1"]

1. d4 d5 2. Bf4 Nf6 3. e3 c5 4. c3 Nc6 5. Nd2 Bf5 6. Qb3 Qd7 7. h3 e6 8. Ngf3 c4 9. Qd1 h6 10. Ne5 Qc8 11. Be2 Be7 12. Bh2 Nxe5 13. dxe5 Nd7 14. e4 Bxe4 15. Nxe4 dxe4 16. Qd4 b5 17. Qxe4 Nc5 18. Qg4 0-0 19. 0-0 Qc7 20. Rfd1 Rad8 21. Bf4 Na4 22. Rdb1 a6 23. Qg3 Kh8 24. Be3 Bc5 25. Bxc5 Qxc5 26. Bd1 Rd2 27. Bxa4 bxa4 28. Rd1 Rfd8 29. Rxd2 Rxd2 30. Qf4 Qd5 31. Qxf7 Qxe5 32. Qf3 Qd5 33. Qxd5 exd5 34. Rb1 Rc2 35. Rd1 a3 36. bxa3 Rxa2 37. Rxd5 Rxa3 38. Rd6 a5 39. Ra6 Kg8 40. Kf1 Kf7 41. Ke2 Rxc3 42. Rxa5 Rc2+ 43. Kf3 Kf6 44. Ke3 c3 45. Rc5 Rc1 46. Kd3 Rf1 47. Ke2 Rc1 48. Kd3 Rg1 49. g3 1/2-1/2